High-quality low-phosphorous manganese alloys for production of steel of low-temperature reliability; Key Engineering Materials; Vol. 839 : Materials Science, Mechanical Engineering and Energy: Problems and Prospects for Development, MSMEE 2019
| Parent link: | Key Engineering Materials: Scientific Journal Vol. 839 : Materials Science, Mechanical Engineering and Energy: Problems and Prospects for Development, MSMEE 2019.— 2020.— [P. 99-105] |
|---|---|
| Autor corporatiu: | |
| Altres autors: | , , , , |
| Sumari: | Title screen The problem of enrichment and dephosphorization of poor manganese ores for receiving the low-phosphorous alloys necessary for smelting of steel of low-temperature reliability is considered. Режим доступа: по договору с организацией-держателем ресурса |
| Idioma: | anglès |
| Publicat: |
2020
|
| Matèries: | |
| Accés en línia: | https://doi.org/10.4028/www.scientific.net/KEM.839.99 |
| Format: | MixedMaterials Electrònic Capítol de llibre |
| KOHA link: | https://koha.lib.tpu.ru/cgi-bin/koha/opac-detail.pl?biblionumber=666440 |
MARC
| LEADER | 00000naa0a2200000 4500 | ||
|---|---|---|---|
| 001 | 666440 | ||
| 005 | 20250818151512.0 | ||
| 035 | |a (RuTPU)RU\TPU\network\37644 | ||
| 035 | |a RU\TPU\network\34922 | ||
| 090 | |a 666440 | ||
| 100 | |a 20211224d2020 k||y0engy50 ba | ||
| 101 | 0 | |a eng | |
| 135 | |a drgn ---uucaa | ||
| 181 | 0 | |a i | |
| 182 | 0 | |a b | |
| 200 | 1 | |a High-quality low-phosphorous manganese alloys for production of steel of low-temperature reliability |f O. I. Nokhrina, I. D. Rozhikhina, M. A. Golodova [et al.] | |
| 203 | |a Text |c electronic | ||
| 300 | |a Title screen | ||
| 330 | |a The problem of enrichment and dephosphorization of poor manganese ores for receiving the low-phosphorous alloys necessary for smelting of steel of low-temperature reliability is considered. | ||
| 333 | |a Режим доступа: по договору с организацией-держателем ресурса | ||
| 461 | 0 | |0 (RuTPU)RU\TPU\network\11477 |t Key Engineering Materials |o Scientific Journal | |
| 463 | |t Vol. 839 : Materials Science, Mechanical Engineering and Energy: Problems and Prospects for Development, MSMEE 2019 |o International Scientific and Practical Conference, June 27-28, 2019, Barnaul, Russia |o [proceedings] |v [P. 99-105] |d 2020 | ||
| 610 | 1 | |a электронный ресурс | |
| 610 | 1 | |a труды учёных ТПУ | |
| 610 | 1 | |a alloy | |
| 610 | 1 | |a dephosphorization of manganese concentrates | |
| 610 | 1 | |a deposits of manganese ore | |
| 610 | 1 | |a manganese alloys | |
| 610 | 1 | |a smelting technology of manganese alloys | |
| 610 | 1 | |a technology of enrichment of manganese ores | |
| 610 | 1 | |a марганцевые руды | |
| 610 | 1 | |a марганцевые сплавы | |
| 610 | 1 | |a обогащение | |
| 701 | 1 | |a Nokhrina |b O. I. |c specialist in the field of metallurgy |c Professor of Yurga technological Institute of Tomsk Polytechnic University, doctor of technical sciences |f 1953- |g Olga Ivanovna |3 (RuTPU)RU\TPU\pers\35626 |9 18795 | |
| 701 | 1 | |a Rozhikhina |b I. D. |c specialist in the field of metallurgy |c Professor of Yurga technological Institute of Tomsk Polytechnic University, doctor of technical sciences |f 1947- |g Irina Dmitrievna |3 (RuTPU)RU\TPU\pers\35183 |9 18449 | |
| 701 | 1 | |a Golodova |b M. A. |g Marina Anatoljevna | |
| 701 | 1 | |a Proshunin |b I. E. |g Igor Evgenjevich | |
| 701 | 1 | |a Valuev |b D. V. |c specialist in the field of metal working |c Associate Professor of Yurga technological Institute of Tomsk Polytechnic University, Candidate of technical sciences |f 1980- |g Denis Viktorovich |3 (RuTPU)RU\TPU\pers\32900 |9 16748 | |
| 712 | 0 | 2 | |a Национальный исследовательский Томский политехнический университет |b Юргинский технологический институт |c (2009- ) |3 (RuTPU)RU\TPU\col\15903 |
| 801 | 2 | |a RU |b 63413507 |c 20211224 |g RCR | |
| 856 | 4 | |u https://doi.org/10.4028/www.scientific.net/KEM.839.99 | |
| 942 | |c CF | ||